MARC

LEADER 00000nas a2200000 a 4500
001 ssj0012578
003 WaSeSS
005 20200512172242.0
006 m d
007 cr n
008 820913d19822006ilubr p s 0 a0eng c
010 |a  83641797   |z sc 82005280  
016 |a (AMICUS)000003425953 
016 7 |a 014335522  |2 DE-101 
016 7 |a 787255-0  |2 DE-600 
022 |l 0737-1020  |y 0737-1020 
035 |a (WaSeSS)ssj0012578 
040 |a INT  |b eng  |c INT  |d HUL  |d DLC  |d NSD  |d NST  |d DLC  |d NST  |d AIP  |d NSD  |d AIP  |d NST  |d AIP  |d NST  |d HUL  |d DLC  |d OCLCQ  |d GUA  |d U9S  |d OCLCQ  |d GBVCP  |d OCLCF  |d OCLCO  |d NLC  |d OCLCQ  |d WaSeSS 
042 |a pcc  |a nsdp 
050 0 0 |a Z119  |b .H54 
082 0 4 |a 070.5/05  |2 19 
210 0 |a High vol. print. 
222 0 |a High volume printing 
245 0 0 |a High volume printing  |h [electronic resource] :  |b HVP. 
246 3 0 |a HVP 
246 3 0 |a H.V.P. 
260 |a [Northbrook, IL] :  |b [Innes Pub. Co.],  |c [1982-©2006.] 
310 |a Bimonthly 
362 0 |a Vol. 1, no. 1 (July-Aug. 1982)-v. 24, no. 5 (Nov. 2006). 
500 |a Title from cover. 
506 |a License restrictions may limit access. 
650 0 |a Book industries and trade  |v Periodicals. 
650 0 |a Periodicals  |x Publishing  |v Periodicals. 
650 0 |a Printing  |v Periodicals. 
650 6 |a Livres  |x Industrie et commerce  |x Périodiques. 
650 6 |a Périodiques  |x Édition  |x Périodiques. 
650 7 |a Book industries and trade.  |2 fast  |0 (OCoLC)fst00836171 
650 7 |a Periodicals  |x Publishing.  |2 fast  |0 (OCoLC)fst01058100 
650 7 |a Printing.  |2 fast  |0 (OCoLC)fst01076612 
655 0 |a Electronic journals. 
780 0 0 |t Book and magazine production  |x 0273-8724  |w (DLC) 81641419  |w (OCoLC)6998821 
850 |a CLSU  |a CU  |a CaOONL  |a CaOWA  |a DLC  |a ICU  |a ICarbS  |a InLP  |a InU  |a KPT  |a MdU  |a MiD  |a MiEM  |a MoKL  |a MoU  |a N  |a NNC  |a NRU  |a NcU  |a NhU  |a NjR  |a PPiC  |a PPiU  |a ULA  |a WM  |a WaU 
856 4 0 |z Full text available from Research Library: 02/01/1998 to 11/30/2006  |u https://search.proquest.com/publication/36012